Central Library OPAC University of Rajshahi

‏حيات خسرو /‏ / Ḥayāt-i K̲h̲usrū / (Record no. 85820)

MARC details
000 -LEADER
fixed length control field 00595naa a2200193 a 4500
001 - CONTROL NUMBER
control field 85820
003 - CONTROL NUMBER IDENTIFIER
rucl marc code BD-RjUL
005 - DATE AND TIME OF LATEST TRANSACTION
control field 20251009112707.0
008 - FIXED-LENGTH DATA ELEMENTS--GENERAL INFORMATION
fixed length control field 251009s pk ||||| |||| 00| 0 urd d
035 ## - SYSTEM CONTROL NUMBER
System control number (BD-RjUL)85820
040 ## - CATALOGING SOURCE
Original cataloging agency BD-RjUL
Language of cataloging eng
Transcribing agency BD-RjUL
041 ## - LANGUAGE CODE
Language code of text/sound track or separate title urd
082 ## - DEWEY DECIMAL CLASSIFICATION NUMBER
Edition number 23
Classification number 891.43909
Author mark and year MUH [19?]
245 10 - TITLE STATEMENT
Title ‏حيات خسرو /‏ / Ḥayāt-i K̲h̲usrū /
Statement of responsibility, etc. ايجاد موسيقي ;; E jad musuqi
260 ## - PUBLICATION, DISTRIBUTION, ETC. (IMPRINT)
Place of publication, distribution, etc. Karachi :
Name of publisher, distributor, etc. Shikh golam ali,
Date of publication, distribution, etc. 19?
300 ## - PHYSICAL DESCRIPTION
Pagination 248 p. ;
Size 18 cm
600 ## - SUBJECT ADDED ENTRY--PERSONAL NAME
Personal name Amīr Khusraw Dihlavī, approximately
Dates associated with a name 1253-1325
942 ## - ADDED ENTRY ELEMENTS (KOHA)
Source of classification or shelving scheme Dewey Decimal Classification
Koha item type Books
Holdings
Lost status Source of classification or shelving scheme Damaged status Not for loan Collection code Permanent Location Current Location Shelving location Date acquired Source of acquisition Cost, normal purchase price Full call number Date last seen Copy number Koha item type
  Dewey Decimal Classification   Not For Loan Non-fiction Central Library, University of Rajshahi Central Library, University of Rajshahi General Stacks 28/10/1964 Urdu library. , 3.50 U 891.43909 MUH [19?] 09/10/2025 C-1 Books